|
|
|
|
| LEADER |
00000nam a2200000 a 4500 |
| 001 |
vtls001286833 |
| 003 |
SK-MaSNL |
| 005 |
20260301064847.0 |
| 008 |
240314s1997 xo a r slo |
| 015 |
|
|
|a SNBA1997/1002825
|
| 020 |
|
|
|a 8071184071
|
| 035 |
|
|
|a SNK000238388
|
| 035 |
|
|
|a urn:nbn:sk:snk-amkgb7
|
| 035 |
|
|
|a urn:nbn:sk:snk-am008ftk
|
| 035 |
|
|
|a 0C91669C-4B3C-4AC3-81A6-CB0207C49039
|
| 040 |
|
|
|a SNK
|b slo
|c SNK
|e AACR2
|
| 041 |
0 |
|
|a slo
|
| 044 |
|
|
|a xo
|c SK
|
| 080 |
|
|
|a 613.88(035)
|2 1981
|
| 100 |
1 |
|
|a Hayden, Naura
|4 aut
|9 40817
|
| 240 |
1 |
0 |
|a How to satisfy a woman every time-
|l Slovensky
|
| 245 |
1 |
0 |
|a Ako uspokojiť ženu
|b -aby chcela ešte viac! : kniha, ktorá vám presne povie, ako na to
|c Naura Haydenová ; [z anglického originálu preložila Eva Medveďová]
|
| 260 |
|
|
|a Bratislava
|b Ikar
|c 1997
|
| 300 |
|
|
|a 95 s.
|c 21 cm
|
| 500 |
|
|
|a Údaj o prekl. prevzatý z rubu tit. strany
|
| 650 |
0 |
7 |
|a sex
|2 SNKPH
|9 2586
|
| 655 |
|
7 |
|a príručky
|2 SNKPH
|9 74364
|
| 700 |
1 |
|
|a Medveďová, Eva
|4 trl
|9 27795
|
| 919 |
|
|
|a 80-7118-407-1
|
| 958 |
|
|
|a OND
|
| 958 |
|
|
|a TL
|
| 958 |
|
|
|a US
|
| 958 |
|
|
|a OP
|
| 958 |
|
|
|a NS
|
| 968 |
|
|
|b ENG
|
| 999 |
|
|
|c 628495
|d 630425
|
| 952 |
|
|
|t P60, <09>, [BOOK], {629}
|a SNK
|b SNK
|y NEVYP
|7 0
|o snkC 1198
|i snk2235/970521
|0 0
|1 0
|4 0
|d 1997-05-20
|l 0
|r 2005-01-02 00:00:00
|w 2026-02-23
|
| 952 |
|
|
|t P60, <04>, [BOOK], {604}
|a SNK
|b SNK
|y VYP
|7 0
|p 17A0066673
|o snkSC 93125 D1
|i snkKSP 4992/97
|0 0
|1 0
|4 0
|d 1997-05-20
|l 0
|r 2005-01-02 00:00:00
|w 2026-02-23
|
| 952 |
|
|
|t P60, <03>, [BOOK], {603}
|a SNK
|b SNK
|y PREZ
|7 0
|p 17A0066674
|o snkSC 93125
|i snkKSP 4991/97
|0 0
|1 0
|4 0
|d 1997-05-20
|f 1
|l 0
|r 2025-09-11 00:00:00
|w 2026-02-23
|